Online katalóg knižníc regiónu Turca

Cyprusová aleja (Record no. 22324)

MARC details
000 -LEADER
fixed length control field 01711cam a2200517 a 4500
001 - CONTROL NUMBER
control field 22324
003 - CONTROL NUMBER IDENTIFIER
control field VRT
005 - DATE AND TIME OF LATEST TRANSACTION
control field 20260326134717.0
008 - FIXED-LENGTH DATA ELEMENTS--GENERAL INFORMATION
fixed length control field 240315|2008 xo g 000 f slo
015 ## - NATIONAL BIBLIOGRAPHY NUMBER
National bibliography number SNBA2008/07-03887
020 ## - INTERNATIONAL STANDARD BOOK NUMBER
International Standard Book Number 9788022014267
Qualifying information (viaz.)
035 ## - SYSTEM CONTROL NUMBER
System control number BC33C8BF-EF8A-484E-A70C-15DD8BB32672
035 ## - SYSTEM CONTROL NUMBER
System control number urn:nbn:sk:snk-aml7jy
035 ## - SYSTEM CONTROL NUMBER
System control number urn:nbn:sk:snk-am008tiq
039 #9 - LEVEL OF BIBLIOGRAPHIC CONTROL AND CODING DETAIL [OBSOLETE]
Level of rules in bibliographic description 202403151842
Level of effort used to assign nonsubject heading access points VLOAD
Level of effort used to assign subject headings 202301311053
Level of effort used to assign classification msnk170
Level of effort used to assign subject headings 202002031136
Level of effort used to assign classification AUTHORITY
Level of effort used to assign subject headings 202002031023
Level of effort used to assign classification AUTHORITY
040 ## - CATALOGING SOURCE
Original cataloging agency HEVK
Language of cataloging slo
Transcribing agency HEVK
Modifying agency SNK
Description conventions AACR2
041 1# - LANGUAGE CODE
Language code of text/sound track or separate title slo
Language code of original eng
044 ## - COUNTRY OF PUBLISHING/PRODUCING ENTITY CODE
MARC country code xo
ISO country code SK
072 #7 - SUBJECT CATEGORY CODE
Subject category code 821.111-3
Subject category code subdivision Anglická próza, anglicky písaná
Source konspekt
080 ## - UNIVERSAL DECIMAL CLASSIFICATION NUMBER
Universal Decimal Classification number 821.111-31
Edition identifier 2001
100 1# - MAIN ENTRY--PERSONAL NAME
Personal name Boucheron, Rose
Relationship aut
240 10 - UNIFORM TITLE
Uniform title Cyprus grove
Language of a work Slovensky
245 10 - TITLE STATEMENT
Title Cyprusová aleja
Statement of responsibility, etc. Rose Boucheronová ; [z anglického originálu preložila Alena Redlingerová]
250 ## - EDITION STATEMENT
Edition statement [1. vyd.]
260 ## - PUBLICATION, DISTRIBUTION, ETC.
Place of publication, distribution, etc. Bratislava
Name of publisher, distributor, etc. Slovenský spisovateľ
Date of publication, distribution, etc. 2008
300 ## - PHYSICAL DESCRIPTION
Extent 175 s.
Dimensions 21 cm
655 #7 - INDEX TERM--GENRE/FORM
Genre/form data or focus term anglické romány
Source of term SNKPH
655 #7 - INDEX TERM--GENRE/FORM
Genre/form data or focus term umelecká literatúra
Source of term SNKPH
700 1# - ADDED ENTRY--PERSONAL NAME
Personal name Redlingerová, Alena,
Dates associated with a name 1946-
Relationship trl
910 ## - USER-OPTION DATA (OCLC)
User-option data hevk
910 ## - USER-OPTION DATA (OCLC)
User-option data savuk
910 ## - USER-OPTION DATA (OCLC)
User-option data snk
910 ## - USER-OPTION DATA (OCLC)
User-option data bpksh
910 ## - USER-OPTION DATA (OCLC)
User-option data skpk
910 ## - USER-OPTION DATA (OCLC)
User-option data svkpo
910 ## - USER-OPTION DATA (OCLC)
User-option data totk
910 ## - USER-OPTION DATA (OCLC)
User-option data vthk
942 ## - ADDED ENTRY ELEMENTS (KOHA)
Source of classification or shelving scheme Dewey Decimal Classification
Koha item type Krásna literatúra pre dospelých
Suppress in OPAC No
949 ## - LOCAL PROCESSING INFORMATION (OCLC)
6 17A0581524
a snkSC 131099
b snk2008/5451
o 323/08
s 6100:20151111
949 ## - LOCAL PROCESSING INFORMATION (OCLC)
6 2889135771
a savukPV 11278
b savuk2008/155
949 ## - LOCAL PROCESSING INFORMATION (OCLC)
6 17A0583881
a snkSC 131099 D1
b snk2008/7134
o 323/08
949 ## - LOCAL PROCESSING INFORMATION (OCLC)
6 3869A19423
a bpksh821.111-31
b bpksh55892
949 ## - LOCAL PROCESSING INFORMATION (OCLC)
6 273K0458200
a svkpoA 201800
b svkpo508500
980 ## - EQUIVALENCE OR CROSS-REFERENCE-SERIES STATEMENT--PERSONAL NAME/TITLE [LOCAL, CANADA]
Personal name 821.111-31
Holdings
Stav vyradenia Strata Poškodenie Spôsob nadobudnutia Domovská knižnica Aktuálna knižnica Dátum nadobudnutia Total checkouts Čiarový kód exemplára Date last seen Typ exemplára
      Dar Obecná knižnica Horná Štubňa Obecná knižnica Horná Štubňa 26.03.2026   9788022014267 26.03.2026 Krásna literatúra pre dospelých
Projekt je podporený Slovenskou asociáciou knižníc
Prevádzkuje Turčianska knižnica Martin 2026